000 00811nas a2200289 4500
001 BR9208600
003 BR-BrBNA
005 20231205093128.0
007 ta
008 230509b bl.|||p| |||| 00| 00por d
040 _aBR-BrBNA
_bpor
_cBiblioteca Nacional de Agricultura
041 _a(Pt)
072 _aJ10
100 1 _aCoelho, R.C.
100 1 _aLiberal, O.H.T.
100 1 _aArruda, M.L.R.
100 1 _aFernandes, G.M.B.
245 1 _aEfeito de inseticidas na conservacao de sementes de milho
650 _aMILHO
650 _aSEMENTE
650 _aGORGULHO
650 _aINSETICIDA
650 _aGERMINACAO
773 0 _tRevista Brasileira de Sementes (Brazil)
_xISSN 0101-3122
_g(1980), v. 2(1) p. 53-65
_wBR9208600
909 _a202311
_bLúcia
_c55
_dLúcia Elande
942 _2AGRIS
_n0
_cANA
999 _c136394
_d136394